banner-ar

طوائف الحرف والمهن وتأثيرها فى الدويلات المستقلة بالمشرق الإسلامى ( 205 - 590هـ / 820 - 1193م ) / (Record no. 67681)

MARC details
000 -الفاتح
حقل البيانات ثابتة الطول 01106nam a2200241Ia 4500
005 - وقت وتاريخ اخر تعامل مع التسجيلة
رقم الضبط 20250622124037.0
008 - عناصر البيانات ثابتة الطول - معلومات عامة
حقل البيانات ثابتة الطول 250617s9999||||xx |||||||||||||| ||ara||
017 ## - رقم الايداع القانونى
رقم الايداع القانونى 13590
المصدر ( الهيئة المختصة) مصر. دار الكتب
020 ## - الرقم الدولى المعيارى للكتب
الرقم الدولى المعيارى للكتاب 9789778812312
082 04 - رقم تصنيف ديوى العشرى
رقم التصنيف "305,553"
رقم المادة س ط
100 0# - المدخل الرئيسى - إسم شخصى
الإسم الشخصى سماح أنور معوض محمود
245 10 - بيان العنوان
العنوان طوائف الحرف والمهن وتأثيرها فى الدويلات المستقلة بالمشرق الإسلامى ( 205 - 590هـ / 820 - 1193م ) /
بيان المسئوليه,etc "إعداد سماح أنور معوض محمود ؛ إشراف عبد الناصر إبراهيم عبد الحكم ، أحمد عز العرب أحمد سليمان"
250 ## - بيان الطبعة
بيان الطبعة ط1
260 3# - PUBLICATION, DISTRIBUTION, ETC. (IMPRINT)
تاريخ النشر أو التوزيع 2025.
300 ## - الوصف المادى
التعداد 357ص ؛
تفاصيل ماديه اخرى للوعاء
أبعاد الوعاء 24سم.
650 ## - المدخل الاضافى بالموضوع-مصطلح موضوعى
مصطلح موضوعي الحرب
650 ## - المدخل الاضافى بالموضوع-مصطلح موضوعى
مصطلح موضوعي الحرفيون
650 ## - المدخل الاضافى بالموضوع-مصطلح موضوعى
مصطلح موضوعي المهن
700 0# - المدخل الاضافى - اسم شخصى
الإسم الشخصى أحمد عز العرب أحمد سليمان
الدور مشرف مشارك
700 0# - المدخل الاضافى - اسم شخصى
الإسم الشخصى عبد الناصر إبراهيم عبد الحكم
الدور مشرف
942 ## - عناصر المدخل الإضافي( كوها)
Koha [default] item type كتاب
260 3# - PUBLICATION, DISTRIBUTION, ETC. (IMPRINT)
-- القاهرة :
-- "دار العلا للنشر والتوزيع,"
Holdings
حالة التراجع حالة الفقد حالة تلف ليس للاعارة المكان المؤقت الموقع الحالى موقع الترفيف تاريخ الاكتساب اجمالي اﻻعارات تاريخ اخر مشاهدة تاريخ تفعيل السعر نوع وعاء كوها
        مكتبة القاهرة الكبرى مكتبة القاهرة الكبرى القاعة الرئيسية 06/22/2025   06/22/2025 06/22/2025 كتاب

Powered By

EGPV